A course in renal diseases (Record no. 13144)
[ view plain ]
| 000 -LEADER | |
|---|---|
| fixed length control field | 00419nam a22001577a 4500 |
| 020 ## - INTERNATIONAL STANDARD BOOK NUMBER | |
| International Standard Book Number | 0632096004 |
| 082 ## - DEWEY DECIMAL CLASSIFICATION NUMBER | |
| Classification number | 616.610077 |
| Author Mark | GEO |
| 100 ## - MAIN ENTRY--PERSONAL NAME | |
| Author Name | Geoffrey M. Berlyne |
| 245 ## - TITLE STATEMENT | |
| Title | A course in renal diseases |
| 250 ## - EDITION STATEMENT | |
| Edition statement | 4th |
| 260 ## - PUBLICATION, DISTRIBUTION, ETC. | |
| Place of publication, distribution, etc. | Oxford |
| Name of publisher, distributor, etc. | Blackwell scientific publishers |
| Date of publication, distribution, etc. | 1966 |
| 300 ## - PHYSICAL DESCRIPTION | |
| No of Pages | 413 p |
| illustrations | Images |
| Dimensions | 21 cm |
| 504 ## - BIBLIOGRAPHY, ETC. NOTE | |
| Bibliography, Index, etc. note | Include Index |
| 650 ## - SUBJECT ADDED ENTRY--TOPICAL TERM | |
| Subject | Book Bank |
| Keywords | Kidney |
| -- | Tubular |
| -- | Polyuria |
| 942 ## - ADDED ENTRY ELEMENTS (KOHA) | |
| Source of classification or shelving scheme | |
| Koha item type | Books |
| 952 ## - LOCATION AND ITEM INFORMATION (KOHA) | |
| -- | 2023-03-17 |
| Item status | Home library | Current library | Shelving location | Date acquired | Source of acquisition | Total Checkouts | Full call number | Barcode | Date last seen | Koha item type |
|---|---|---|---|---|---|---|---|---|---|---|
| Islamabad Medical and Dental College | Islamabad Medical and Dental College | Islamabad Medical and Dental College | 17/03/2023 | Donated | 616.610077 GEO | G-908 | 17/03/2023 | Books |
